Statistics for 2023 Formula One Drivers

Click here to take the quiz!

General Stats

  • This quiz has been taken 16 times
  • The average score is 20 of 22

Answer Stats

TeamDriver% Correct
Aston MartinAlonso
100%
MercedesHamilton
100%
Hulkenberg
100%
Leclerc
100%
Perez
100%
Russell
100%
FerrariSainz
100%
Red BullVerstappen
100%
McLarenNorris
93%
AlpineOcon
93%
Piastri
93%
Stroll
93%
Bottas
86%
Gasly
86%
HaasMagnussen
86%
Ricciardo
86%
Sargeant
86%
WIlliamsAlbon
79%
De Vries
79%
Lawson
79%
Alpha TauriTsunoda
79%
Alfa RomeoZhou
79%

Score Distribution

Percentile by Number Answered

Percent of People with Each Score

Your Score History

You have not taken this quiz